| 000 | 00761nam a2200241 a 4500 | ||
|---|---|---|---|
| 001 | 54340 | ||
| 003 | BD-RjUL | ||
| 005 | 20211209080115.0 | ||
| 008 | 161106s19521958enkabf 001 0 eng d | ||
| 035 | _a(BD-RjUL)54462 | ||
| 040 |
_aDLC _cLDL _dEQO _dBD-RjUL _beng |
||
| 041 | _aeng | ||
| 082 |
_a914.2 _223 _bDEB 1952 |
||
| 100 | 1 |
_aDemangeon, A. _d1872-1940. _9162180 |
|
| 245 | 1 | 4 |
_aThe British Isles / _c A. Demangeon, translated and rev. by E. D. Laborde |
| 250 | _a3d ed. | ||
| 260 |
_aLondon : _bWilliam Heinemann ltd., _c1952 [reprinted 1958]. |
||
| 300 |
_axviii, 434 p. : _bill. ; _c22 cm. |
||
| 500 | _aIncludes index | ||
| 651 | 0 |
_aGreat Britain _xDescription and travel _9162181 |
|
| 700 | 1 |
_aLaborde, E.D. _d1890-1962. _9162182 |
|
| 942 |
_2ddc _cBK |
||
| 999 |
_c54340 _d54340 |
||